2025/26 LaLiga Top Goalscorers - Statistics

General Stats
  • This quiz has been taken 8 times
  • The average score is 8 of 16
Answer Stats
Year Team Country Goalscorer % Correct
16 FC Barcelona Spain Lamine Yamal
100%
25 Real Madrid France Kylian Mbappé
88%
14 FC Barcelona Poland Robert Lewandowski
88%
13 Atlético Madrid Norway Alexander Sørloth
75%
16 Real Madrid Brazil Vinícius Júnior
75%
16 FC Barcelona Spain Ferran Torres
63%
13 FC Barcelona Brazil Raphinha
63%
23 RCD Mallorca Kosovo Vedat Muriqi
63%
17 CA Osasuna Croatia Ante Budimir
50%
13 Villarreal CF Georgia Georges Mikautadze
38%
15 Real Sociedad Spain Mikel Oyarzabal
38%
14 Deportivo Alavés Spain Toni Martínez
25%
14 RC Celta de Vigo Spain Borja Iglesias
13%
11 Levante UD Spain Carlos Espí
13%
11 Real Betis Balompié Colombia Cucho Hernández
13%
11 Deportivo Alavés Argentina Lucas Boyé
0%
No matching quizzes found
Score Distribution
Percent of People with Each Score
Percentile by Number Answered
Your Score History
You have not taken this quiz